Architecture : drafting and design

Αποθηκεύτηκε σε:
Λεπτομέρειες βιβλιογραφικής εγγραφής
Κύριος συγγραφέας: Hepler, Donald E.
Άλλοι συγγραφείς: Wallach, Paul Ross
Μορφή: Βιβλίο
Γλώσσα:English
Δημοσίευση: New York : McGraw-Hill, c1971
Έκδοση:2nd ed.
Θέματα:
Ετικέτες: Προσθήκη ετικέτας
Δεν υπάρχουν, Καταχωρήστε ετικέτα πρώτοι!

MARC

LEADER 00000cam a2200000 i 4500
001 1/3427
008 000520s1971 eng d
020 |a 0070282900 
035 |l 10060794 
040 |a GR-MY-UA  |b gre  |e aacr 
041 0 |a eng 
082 0 |a 720.28 
100 1 |a Hepler, Donald E. 
245 1 0 |a Architecture :  |b drafting and design /  |c [by] Donald E. Hepler and Paul I. Wallach 
250 |a 2nd ed. 
260 |a New York :   |b McGraw-Hill,   |c c1971 
300 |a vii, 568 σ.;  |b εικ. (μερ. έγχρ.);  |c 24 εκ. 
650 0 0 |a Architectural drawing. 
650 0 0 |a Architectural design. 
700 1 |a Wallach, Paul Ross. 
852 |a INST  |b LESVOS  |e 20000520  |h 720.28 HEP  |p 005100023437  |q 005100023437  |t BK  |y 0 
901 |a BIBL1-2000-2 
909 |a Λ  |b 007009 
970 |z 2000/05/ΜΙΧΑΗΛΙΔΟΥ ΑΝΝΑ